Loading...
| Literature - American | 0 | 7 | 0 | 0 | 70 | 25 | 95.57 | 1 | 2 | 0.00 | 0.00 |
| Fine Arts - Visual | 0 | 6 | 1 | 0 | 55 | 85 | 91.83 | 0 | 3 | 0.00 | 0.00 |
| Philosophy | 0 | 5 | 0 | 1 | 50 | 44 | 88.00 | 1 | 2 | 0.00 | 0.00 |
| Mythology | 0 | 4 | 1 | 0 | 35 | 64 | 94.50 | 0 | 0 | 0.00 | 0.00 |
| Literature - European | 0 | 4 | 2 | 2 | 30 | 54 | 103.75 | 0 | 1 | 0.00 | 0.00 |
| Science - Other | 0 | 3 | 0 | 0 | 30 | 30 | 62.33 | 1 | 2 | 0.00 | 0.00 |
| History - American | 0 | 3 | 0 | 2 | 30 | 89 | 112.33 | 0 | 1 | 0.00 | 0.00 |
| Science - Chemistry | 0 | 2 | 0 | 0 | 20 | 97 | 111.50 | 0 | 0 | 0.00 | 0.00 |
| Science - Physics | 0 | 2 | 0 | 0 | 20 | 52 | 84.00 | 0 | 1 | 0.00 | 0.00 |
| Literature - World/Other | 0 | 2 | 0 | 2 | 20 | 128 | 138.00 | 0 | 0 | 0.00 | 0.00 |
| Geography/Current Events | 0 | 2 | 0 | 0 | 20 | 71 | 79.50 | 1 | 1 | 0.00 | 0.00 |
| Literature - British | 0 | 2 | 1 | 0 | 15 | 120 | 128.50 | 0 | 0 | 0.00 | 0.00 |
| Fine Arts - Classical Music | 0 | 1 | 0 | 0 | 10 | 108 | 108.00 | 0 | 0 | 0.00 | 0.00 |
| Fine Arts - Other | 0 | 2 | 2 | 0 | 10 | 68 | 107.00 | 0 | 1 | 0.00 | 0.00 |
| History - Other | 0 | 1 | 0 | 0 | 10 | 101 | 101.00 | 0 | 0 | 0.00 | 0.00 |
| Other Academic | 0 | 1 | 0 | 1 | 10 | 103 | 103.00 | 0 | 0 | 0.00 | 0.00 |
| Social Science | 0 | 1 | 1 | 0 | 5 | 98 | 98.00 | 0 | 0 | 0.00 | 0.00 |
| Religion | 0 | 0 | 1 | 0 | -5 | 0.00 | 0 | 0 | 0.00 | 0.00 | |
| Pop Culture | 0 | 0 | 1 | 0 | -5 | 0.00 | 0 | 0 | 0.00 | 0.00 |